| 000 | 004150000a22001690004500 | ||
|---|---|---|---|
| 003 | MACL | ||
| 005 | 20160105121544.0 | ||
| 008 | 160105b xxu||||| |||| 00| 0 eng d | ||
| 040 |
_aMACL _cMACL |
||
| 041 | _aEnglish | ||
| 082 | _a821/BRO | ||
| 100 |
_aBrowning, Robert _927811 |
||
| 245 | _aThe Earlier Monologues | ||
| 260 |
_bJ M Dent & Sons LTD _aLondon |
||
| 650 |
_aPoetry _927812 |
||
| 942 |
_cBK _k821/BRO _2ddc |
||
| 999 |
_c37571 _d37571 |
||